000 00988nam a2200325Ia 4500
001 98195
003 IT-RoPAU
008 130308s9999 xx 000 0 und d
040 _aIT-RoPAU
040 _cIT-RoPAU
041 _aSPAGNOLO
100 _aLazarsfeld Paul Felix
100 _gCodice Aut. SPICS: 4802
245 _aComportamiento del norteamericano medio frente a la comunicacion (El)-Algunas tablas
245 _bProceso Y Efectos de la comunicacion colectiva (1)
250 _a1a ed.
260 _aQUITO
260 _bCiespal
260 _c1964 [1° Ed.:1964 - Ed.Ling.Originale:1954]
300 _a"2 p. (prefazione: no ; testo: 2 [pagine: 56-57])"
500 _aComportamento del Nordamericano di Fronte Alla Comunicazione.
650 _aTEORIA DELLA COMUNICAZIONE SOCIALE
650 _eCodice materia Spics: 3802
700 _aKendall Patricia L.
700 _gCodice Aut. SPICS: 5106
942 _cBK
957 _71
999 _c43457
_d43457
999 _bSI
999 _g1